Normal view
MARC view
Entry Meeting Name
001 - CONTROL NUMBER
- control field: 17735
003 - CONTROL NUMBER IDENTIFIER
- control field: OSt
005 - DATE AND TIME OF LATEST TRANSACTION
- control field: 20211105134214.0
008 - FIXED-LENGTH DATA ELEMENTS
- fixed length control field: 211105|| aca||aabn | a|a d
040 ## - CATALOGING SOURCE
- Original cataloging agency: OSt
- Transcribing agency: OSt
111 ## - HEADING--MEETING NAME
- Meeting name or jurisdiction name as entry element: International Workshop on Unstabel Nuclei in Astrophysics
- Location of meeting: Japan
- Date of meeting or treaty signing: 1991 June 7-8
670 ## - SOURCE DATA FOUND
- Source citation: Work cat.: (OSt): International Workshop on Unstabel Nuclei in Astrophysics Japan 1991 June 7-8, Unstable nuclei in astrophysics, 1992